000 00686nam a2200265Ia 4500
005 20260121170708.0
008 008 260114s9999 xx 000 0 eng d
020 _a9783319962658
037 _aEBOOK
040 _aCRL
040 _beng
040 _cCRL
041 _2eng
041 _aeng
084 _qCRL
100 _aKlara Anna Capova, Erik Persson, Tony Milligan, David Dunér
_91067041
245 0 _aAstrobiology and Society in Europe Today
260 _bSpringer
260 _bSpringer
260 _c2018
856 _uhttps://link.springer.com/openurl?genre=book&isbn=978-3-319-96265-8
942 _cEBOOK
999 _c1632771
_d1632771